The street trees of Egypt /

Bibliographic Details
Main Author: Hadidi, M. Nabil, 1934-
Other Authors: Boulos, Loutfy
Format: Book
Language:English
Published: Cairo, Egypt : American University in Cairo Press, [1988]
Edition:Rev. ed.
Subjects:

MARC

Tag First Indicator Second Indicator Subfields
LEADER 00000cam a2200000 a 4500
001 in00000886021
005 20151019141700.0
008 891018s1988 ua a 00110 eng
010 |a  89196224  
020 |a 9774241738 
035 |a (OCoLC)21044074 
035 |9 AEK5396AM 
040 |a DLC  |c DLC  |d TXA  |d UtOrBLW 
043 |a f-ua--- 
049 |a TXAM  |c [A12979767] 
050 0 0 |a SB435.6.E3  |b H33 1988 
082 0 0 |a 635.9/77/0962  |2 20 
100 1 |a Hadidi, M. Nabil,  |d 1934- 
245 1 4 |a The street trees of Egypt /  |c by M. Nabil el-Hadidi, Loutfy Boulos ; illustrated by Magdy el-Gohary, Sami Makar. 
250 |a Rev. ed. 
264 1 |a Cairo, Egypt :  |b American University in Cairo Press,  |c [1988] 
264 4 |c ©1988 
300 |a x, 130 pages :  |b illustrations ;  |c 23 cm. 
336 |a text  |b txt  |2 rdacontent 
337 |a unmediated  |b n  |2 rdamedia 
338 |a volume  |b nc  |2 rdacarrier 
500 |a Revised edition of: The street trees in Egypt. 1970. 
500 |a "Dar el Kutub number 7048/87"--Title page verso. 
650 0 |a Trees in cities  |z Egypt  |x Identification. 
650 0 |a Trees in cities  |z Egypt  |x Pictorial works. 
700 1 |a Boulos, Loutfy. 
700 1 |a Hadidi, M. Nabil,  |d 1934-  |t Street trees in Egypt. 
999 |a MARS 
999 f f |s 0ef9e1c6-ddfb-3cb8-996a-0869ae7a3363  |i fc88e64a-5fa8-3c0c-b906-8ffbad12536b  |t 0 
952 f f |p ric  |a Texas A&M University  |b Rellis Campus  |c Joint Library Facility  |d Remote Storage  |t 0  |e SB435.6.E3 H33 1988  |h Library of Congress classification  |i unmediated -- volume  |m A14812979767 
998 f f |a SB435.6.E3 H33 1988  |t 0  |l Remote Storage